000 00190 a2200097 4500
020 _a9788423322763
041 _aspa
100 _aNick butterwort
245 _aUna Noche de Nieve
942 _cK
999 _c31243
_d31241